000 01056nam a2200241Ia 4500
003 Ost
005 20260507075514.0
008 260507s9999||||xx |||||||||||||| ||und||
020 _a9789957323929
040 _cfsecg
041 _aara
082 _a602.853
100 _aالجداية، محمد نور صالح
_eمؤلف
245 0 _aتجارة إلكترونية /
_c محمد نور صالح الجداية
260 _aعمان:
_bدار الحامد,
_c2009
300 _a317 صفحة؛
_bإيضاحات ؛
_c25 سم
504 _aببليوغرافيا:ص ص.313-317
520 _aالمدخل إلى التجارة الالكترونية،الأسواق الالكترونية،المزادات الإلكترونية،أنظمة الدفع الإلكترونية،الشركة الإلكترونية،بناء صفحات الإنترنت بإستخدام لغة (HTML)
653 _aالتكنولوجيا
653 _aبرامج الحاسبات
700 _aخلف، سناء جودت
_eمؤلف ثانوي
942 _cكتاب
999 _c44746
_d44746